Donde brilla la luz (Record no. 179988)

MARC details
000 -LEADER
campo de control de longitud fija 00882nam a2200253 i 4500
001 - NÚMERO DE CONTROL
campo de control 179988
003 - IDENTIFICADOR DE NÚMERO DE CONTROL
campo de control ES-MaACL
005 - FECHA Y HORA DE LA ÚLTIMA TRANSACCIÓN
campo de control 20250812085643.0
008 - DATOS DE LONGITUD FIJA--INFORMACIÓN GENERAL
campo de control de longitud fija 120312s2001 xxu |||| | spa d
020 ## - NÚMERO INTERNACIONAL ESTÁNDAR DEL LIBRO
Número Internacional Estándar del Libro 0-87612-280-2
080 ## - NÚMERO DE LA CLASIFICACIÓN DECIMAL UNIVERSAL
Número de la Clasificación Decimal Universal 294.514
100 1# - ENTRADA PRINCIPAL--NOMBRE DE PERSONA
Nombre de persona Yogananda, Paramahansa.
9 (RLIN) 117656
245 10 - MENCIÓN DEL TÍTULO
Título Donde brilla la luz
Resto del título : sabiduría e inspiración para afrontar los desafíos de la vida /
Mención de responsabilidad, etc. selecciones de las enseñanzas de Paramahansa Yogananda.
250 ## - MENCION DE EDICION
Mención de edición 1ª ed., 2ª imp.
260 ## - PUBLICACIÓN, DISTRIBUCIÓN, ETC.
Lugar de publicación, distribución, etc. Los Ángeles, California :
Nombre del editor, distribuidor, etc. Self-Realization Fellowship,
Fecha de publicación, distribución, etc. 2001.
300 ## - DESCRIPCIÓN FÍSICA
Extensión 261 p. :
Otras características físicas 1 retr. ;
Dimensiones 20 cm.
500 ## - NOTA GENERAL
Nota general Glosario.
500 ## - NOTA GENERAL
Nota general Índice.
650 #4 - PUNTO DE ACCESO ADICIONAL DE MATERIA--TÉRMINO DE MATERIA
Término de materia o nombre geográfico como elemento de entrada Vida espiritual-
Subdivisión general Hinduismo
9 (RLIN) 12506
650 #4 - PUNTO DE ACCESO ADICIONAL DE MATERIA--TÉRMINO DE MATERIA
Término de materia o nombre geográfico como elemento de entrada Meditación.
9 (RLIN) 14982
852 ## - LOCALIZACIÓN
Ubicación ES-MaACL
Número de control de estantería A-12030
itemnumber 186895
Sublocalización o colección R.146854
Ubicación en estantería Depósito 1
Signatura antigua Olim: N-5035
942 ## - ELEMENTOS DE ENTRADA SECUNDARIOS (KOHA)
Fuente del sistema de clasificación o colocación Clasificación decimal universal
Tipo de ítem Koha Libro impreso
Holdings
Estatus retirado Estado de pérdida Fuente del sistema de clasificación o colocación Estado de daño No para préstamo Biblioteca de origen Biblioteca actual Ubicación en estantería Fecha de adquisición Fuente de adquisición Total de préstamos Signatura topográfica completa Código de barras Visto por última vez Precio de reemplazo Tipo de ítem Koha
    Clasificación decimal universal     Biblioteca del Ateneo de Madrid Biblioteca del Ateneo de Madrid Depósito 1 12/03/2012 Donación   A-12030 1189095 23/02/2023 23/02/2023 Libro impreso